[Event "Det åpne NM 2011 Gruppe A"]
[Site "Quality Hotel & Resort Fagerne"]
[Date "2011.04.17"]
[Round "5"]
[White "Henrichsen, Erland"]
[Black "Sjøl, Henrik"]
[Result "0-1"]
[WhiteElo "2038"]
[BlackElo "1848"]
[PlyCount "132"]
[EventDate "2011.??.??"]

1. d4 d5 2. Nf3 Nf6 3. e3 c6 4. Bd3 Bg4 5. b3 e6 6. Nbd2 Nbd7 7. O-O Bd6 8. Bb2
O-O 9. c4 Rc8 10. h3 Bh5 11. Qc2 c5 12. Ne5 cxd4 13. exd4 dxc4 14. bxc4 b5 15.
Nxd7 Qxd7 16. c5 Rfd8 17. Qb3 Bxc5 18. Bxb5 Qb7 19. Qa4 Rb8 20. dxc5 Qxb5 21.
Qxb5 Rxb5 22. Bxf6 gxf6 23. Nb3 a5 24. g4 Bg6 25. Rfd1 Rxd1+ 26. Rxd1 a4 27.
Rd8+ Kg7 28. Nd4 Rxc5 29. Rd7 Rc1+ 30. Kh2 Kf8 31. Ra7 Rc4 32. Nb5 Rb4 33. Nd6
Rb2 34. Rxa4 Rxf2+ 35. Kg3 Rd2 36. Nb5 Rd3+ 37. Kg2 Be4+ 38. Kh2 Bc6 39. Rb4
Bxb5 40. Rxb5 Rd2+ 41. Kg3 Rxa2 42. Rb8+ Kg7 43. h4 Ra3+ 44. Kg2 h5 45. gxh5
Ra5 46. Kg3 Rxh5 47. Kg4 Rh8 48. Rb7 Kg6 49. Rc7 f5+ 50. Kg3 f4+ 51. Kxf4 Rxh4+
52. Ke5 Rh5+ 53. Ke4 Kf6 54. Rb7 Rh4+ 55. Kf3 e5 56. Ke3 Ke6 57. Rb6+ Kf5 58.
Rb7 Rh3+ 59. Ke2 f6 60. Rf7 e4 61. Rf8 Ke5 62. Re8+ Kf4 63. Kf2 Rh2+ 64. Kg1
Rb2 65. Rh8 f5 66. Kf1 e3 0-1

[Event "Det åpne NM 2011 Gruppe A"]
[Site "Quality Hotel & Resort Fagerne"]
[Date "2011.04.17"]
[Round "5"]
[White "Grundekjøn, Christian"]
[Black "Mikalsen, Odd Erling"]
[Result "0-1"]
[WhiteElo "2018"]
[BlackElo "1989"]
[PlyCount "60"]
[EventDate "2011.??.??"]

1. e4 e5 2. Nc3 Nc6 3. Bc4 Nf6 4. f4 d6 5. Nf3 Be7 6. d3 Be6 7. Bxe6 fxe6 8.
fxe5 dxe5 9. Be3 Ng4 10. Qe2 O-O 11. O-O-O Rxf3 12. gxf3 Nxe3 13. Rdg1 Bg5 14.
Rxg5 Qxg5 15. Qd2 Qg2 16. Rd1 Qxd2+ 17. Rxd2 Rf8 18. Nb5 Rxf3 19. b3 Rf7 20. h3
a6 21. Nc3 Nd4 22. Na4 Rf1+ 23. Kb2 b6 24. c3 Nf3 25. Re2 Rf2 26. Rxf2 Nd1+ 27.
Kc2 Nxf2 28. b4 Nxh3 29. Kd1 Nf4 30. c4 h5 0-1

[Event "Det åpne NM 2011 Gruppe A"]
[Site "Quality Hotel & Resort Fagerne"]
[Date "2011.04.17"]
[Round "6"]
[White "Karlsson, Lars"]
[Black "Miezis, Normunds"]
[Result "1-0"]
[WhiteElo "2475"]
[BlackElo "2555"]
[PlyCount "66"]
[EventDate "2011.??.??"]

1. f4 c5 2. Nf3 g6 3. g3 Bg7 4. Bg2 Nc6 5. O-O d6 6. d3 e5 7. c3 Nge7 8. e4 O-O
9. Be3 b6 10. Na3 exf4 11. Bxf4 Ba6 12. Nc4 d5 13. Nd6 h6 14. Qa4 Bxd3 15. exd5
Na5 16. Ne5 Bxf1 17. Rxf1 Qxd6 18. Nd7 b5 19. Qxb5 Rab8 20. Qa4 Qa6 21. Nxb8
Qd3 22. Qxa5 Nxd5 23. Bxd5 Qxd5 24. Na6 Rc8 25. Qb5 Bf8 26. a4 Qe4 27. Qd7 Rc6
28. Nc7 c4 29. Nb5 Bc5+ 30. Nd4 Kg7 31. Bd2 Rf6 32. Bxh6+ Kxh6 33. Rxf6 Qe1+
1-0

[Event "Det åpne NM 2011 Gruppe A"]
[Site "Quality Hotel & Resort Fagerne"]
[Date "2011.04.17"]
[Round "6"]
[White "Kasparov, Sergey"]
[Black "Richter, Michael"]
[Result "1/2-1/2"]
[WhiteElo "2473"]
[BlackElo "2486"]
[PlyCount "42"]
[EventDate "2011.??.??"]

1. e4 e6 2. d4 d5 3. Nd2 Nf6 4. e5 Nfd7 5. Bd3 c5 6. c3 Nc6 7. Ne2 cxd4 8. cxd4
f6 9. exf6 Nxf6 10. Nf3 Bd6 11. O-O Qc7 12. g3 O-O 13. Bf4 Ng4 14. Qd2 e5 15.
dxe5 Ngxe5 16. Nxe5 Nxe5 17. Bxe5 Bxe5 18. Nc3 Bxc3 19. Qxc3 Qxc3 20. bxc3 Bf5
21. Rfd1 Rac8 1/2-1/2

[Event "Det åpne NM 2011 Gruppe A"]
[Site "Quality Hotel & Resort Fagerne"]
[Date "2011.04.17"]
[Round "6"]
[White "Welling, Gerard"]
[Black "Westerinen, Heikki M.J"]
[Result "1/2-1/2"]
[WhiteElo "2321"]
[BlackElo "2358"]
[PlyCount "46"]
[EventDate "2011.??.??"]

1. g3 Nf6 2. Bg2 d5 3. Nf3 Bg4 4. Ne5 Bf5 5. d4 e6 6. c4 c6 7. Nc3 Nbd7 8. O-O
Be7 9. Bf4 O-O 10. Qb3 Qb6 11. Nxd7 Nxd7 12. e4 dxe4 13. Nxe4 Bxe4 14. Bxe4 Nf6
15. Qxb6 axb6 16. Bf3 Rfd8 17. Rfd1 Rd7 18. Rd3 Ra4 19. b3 Ra3 20. Bc1 Ra8 21.
Be3 Ra3 22. Bc1 Ra8 23. Be3 Ra3 1/2-1/2

[Event "Det åpne NM 2011 Gruppe A"]
[Site "Quality Hotel & Resort Fagerne"]
[Date "2011.04.17"]
[Round "6"]
[White "Rubio Mejia, Luis Ignacio"]
[Black "Solodovnichenko, Yuri"]
[Result "1/2-1/2"]
[WhiteElo "2409"]
[BlackElo "2577"]
[PlyCount "98"]
[EventDate "2011.??.??"]

1. d4 Nf6 2. c4 c5 3. d5 b5 4. Nd2 bxc4 5. e4 e6 6. Bxc4 exd5 7. exd5 d6 8. Ne2
Be7 9. O-O O-O 10. b3 Nbd7 11. Bb2 Nb6 12. Nc3 Bb7 13. Nde4 Nxc4 14. bxc4 Nd7
15. Nb5 Ne5 16. Nxc5 Nxc4 17. Nxb7 Qd7 18. Rb1 Nxb2 19. Rxb2 Qxb7 20. Rb3 Qd7
21. Nd4 Bd8 22. Qh5 Bb6 23. Rh3 Qxh3 24. Qxh3 Bxd4 25. Qd3 Bc5 26. h4 Rae8 27.
Rd1 Re5 28. Rd2 Rfe8 29. g3 g6 30. Kg2 h5 31. Rc2 Re4 32. Rd2 R8e5 33. Qb5 Kg7
34. Kf1 Re7 35. Kg2 Rb4 36. Qd3 Kg8 37. Qc3 Re5 38. Qf3 Rbe4 39. Qd1 a5 40. a4
Rb4 41. Qc2 Ree4 42. Re2 Rxe2 43. Qxe2 Kf8 44. Qa2 Rd4 45. Kh3 Bb4 46. Qb3 Kg8
47. f3 Rd2 48. Qc4 Rf2 49. Qe4 Bc5 1/2-1/2

[Event "Det åpne NM 2011 Gruppe A"]
[Site "Quality Hotel & Resort Fagerne"]
[Date "2011.04.17"]
[Round "6"]
[White "Rødvik, Trym Daniel"]
[Black "Stenersen, Gudmund"]
[Result "1/2-1/2"]
[WhiteElo "1782"]
[BlackElo "2228"]
[PlyCount "118"]
[EventDate "2011.??.??"]

1. e4 e5 2. Nf3 Nc6 3. d4 exd4 4. Bb5 Bc5 5. O-O Nge7 6. Ng5 O-O 7. Nxh7 Kxh7
8. Qh5+ Kg8 9. Qxc5 d6 10. Qh5 Be6 11. f4 f5 12. Nd2 Nb4 13. Nf3 fxe4 14. Ng5
Bf5 15. g4 Bg6 16. Qh3 e3 17. Ne6 Qc8 18. f5 Qxe6 19. fxe6 Nxc2 20. Bxe3 Nxe3
21. Rxf8+ Rxf8 22. Qh4 Rf6 23. Bd7 N7d5 24. Re1 d3 25. g5 Rf5 26. e7 Re5 27.
e8=Q+ Bxe8 28. Bxe8 d2 29. Bf7+ Kf8 30. Bxd5 dxe1=Q+ 31. Qxe1 Rxg5+ 32. Bg2
Nxg2 33. Qf1+ Nf4+ 34. Kh1 Rf5 35. Qc4 Nd5 36. Qa4 Ne3 37. h4 b6 38. Qxa7 Rc5
39. Qa8+ Kf7 40. Qf3+ Nf5 41. b4 Re5 42. Qc6 b5 43. Qxc7+ Kg6 44. Qd8 Nxh4 45.
Qxd6+ Kf5 46. Qd3+ Kf4 47. Qf1+ Nf3 48. Kg2 Rg5+ 49. Kf2 Rd5 50. Qc1+ Rd2+ 51.
Kf1 Nh2+ 52. Ke1 Nf3+ 53. Kf1 g5 54. a3 Kg3 55. Qc7+ Kh3 56. Qh7+ Kg4 57. Qc7
Nh2+ 58. Ke1 Nf3+ 59. Kf1 Nh2+ 1/2-1/2

[Event "Det åpne NM 2011 Gruppe A"]
[Site "Quality Hotel & Resort Fagerne"]
[Date "2011.04.17"]
[Round "6"]
[White "Aulin-Jansson, Jøran"]
[Black "Thingstad, Even"]
[Result "0-1"]
[WhiteElo "2232"]
[BlackElo "2155"]
[PlyCount "98"]
[EventDate "2011.??.??"]

1. e4 c6 2. Nc3 d5 3. Nf3 Bg4 4. h3 Bxf3 5. Qxf3 e6 6. d3 Nf6 7. g4 g6 8. Bg5
Be7 9. Bh6 Nbd7 10. Be2 Qb6 11. O-O-O d4 12. Nb1 Rg8 13. Nd2 a5 14. Qg3 O-O-O
15. Nc4 Qc5 16. Bf4 Nb6 17. Bb8 Na8 18. Be5 Nb6 19. Nxb6+ Qxb6 20. Qf3 Nd7 21.
Qxf7 Rge8 22. Bf4 Nc5 23. Kb1 Bh4 24. Bc1 Re7 25. Qf3 Na4 26. b3 Nc3+ 27. Kb2
g5 28. Rde1 Ree8 29. Qf6 Rf8 30. Qxe6+ Kb8 31. Bd1 Qc5 32. Ref1 a4 33. Qc4 Qd6
34. bxa4 b5 35. axb5 cxb5 36. Qb3 Kc7 37. Bd2 b4 38. f3 Ra8 39. Bxc3 bxc3+ 40.
Ka1 Rfb8 41. Qc4+ Qc6 42. Qf7+ Qd7 43. Qc4+ Kd8 44. Qg8+ Qe8 45. Qd5+ Ke7 46.
Qc5+ Kf7 47. a3 Rxa3+ 48. Qxa3 Ra8 49. Ka2 Qe6+ 0-1

[Event "Det åpne NM 2011 Gruppe A"]
[Site "Quality Hotel & Resort Fagerne"]
[Date "2011.04.17"]
[Round "6"]
[White "Myhrvold, Rune"]
[Black "Hobber, Anders"]
[Result "0-1"]
[WhiteElo "2164"]
[BlackElo "2152"]
[PlyCount "80"]
[EventDate "2011.??.??"]

1. e4 e6 2. d4 d5 3. e5 Bd7 4. Nf3 a6 5. c4 dxc4 6. Bxc4 Bc6 7. O-O Ne7 8. Bg5
Nd7 9. Nc3 Nb6 10. Bd3 h6 11. Be3 Ned5 12. Rc1 Be7 13. Qe2 Bg5 14. Nxg5 hxg5
15. Be4 g6 16. g3 Qe7 17. Bg2 O-O-O 18. Ne4 Bb5 19. Qf3 Bxf1 20. Rxf1 Nxe3 21.
fxe3 Nd5 22. Nc5 Rhf8 23. Rc1 f6 24. exf6 Rxf6 25. Qe4 Kb8 26. Bh3 Rd6 27. a3
Rc6 28. b4 Ka7 29. Re1 b6 30. Nxa6 Rc3 31. b5 Qxa3 32. Qb1 Rxe3 33. Rf1 Rxf1+
34. Bxf1 Rf3 35. Nxc7 Qe3+ 36. Kh1 Rxf1+ 37. Qxf1 Qe4+ 38. Kg1 Qxd4+ 39. Kh1
Nxc7 40. Qf3 Qd5 0-1

[Event "Det åpne NM 2011 Gruppe A"]
[Site "Quality Hotel & Resort Fagerne"]
[Date "2011.04.17"]
[Round "6"]
[White "Flermoen, Peter"]
[Black "Thingstad, Anders"]
[Result "1/2-1/2"]
[WhiteElo "2155"]
[BlackElo "2014"]
[PlyCount "55"]
[EventDate "2011.??.??"]

1. e4 c6 2. d4 d5 3. Nc3 dxe4 4. Nxe4 Nd7 5. Ng5 Ngf6 6. Bd3 e6 7. N1f3 Bd6 8.
Qe2 h6 9. Ne4 Nxe4 10. Qxe4 Qc7 11. O-O b6 12. Qe2 Bb7 13. Re1 O-O 14. b3 c5
15. Be4 cxd4 16. Bxb7 Qxb7 17. Nxd4 Bb4 18. Bd2 Bxd2 19. Qxd2 Rfd8 20. Qe2 Nf6
21. Rad1 Rd7 22. c4 Rad8 23. Nc2 Kf8 24. f3 Ke7 25. Ne3 Rxd1 26. Rxd1 Rxd1+ 27.
Qxd1 Qd7 28. Kf2 1/2-1/2

[Event "Det åpne NM 2011 Gruppe A"]
[Site "Quality Hotel & Resort Fagerne"]
[Date "2011.04.17"]
[Round "6"]
[White "Eriksen, Magnus"]
[Black "Vaarala, Eric"]
[Result "0-1"]
[WhiteElo "2002"]
[BlackElo "2167"]
[PlyCount "75"]
[EventDate "2011.??.??"]

1. d4 d5 2. c4 c6 3. Nf3 e6 4. e3 f5 5. Bd3 Nf6 6. O-O Bd6 7. b3 Qe7 8. Bb2 O-O
9. Qc1 Bd7 10. Ba3 Be8 11. cxd5 cxd5 12. Bxd6 Qxd6 13. Qa3 Qxa3 14. Nxa3 Nc6
15. Rfc1 a6 16. Nc2 Ne4 17. Ne5 f4 18. Nxc6 Bxc6 19. Nb4 fxe3 20. fxe3 Bb5 21.
Bxb5 axb5 22. Rc7 Nd6 23. Rac1 Nf5 24. R1c3 Rf7 25. Rxf7 Kxf7 26. g4 Nd6 27.
Rc7+ Kf6 28. h4 h5 29. g5+ Kg6 30. Rd7 Nf5 31. Rxb7 Nxh4 32. Rxb5 Nf3+ 33. Kf2
Nxg5 34. a4 h4 35. Nd3 h3 36. Nf4+ Kf5 37. Kg3 Rc8 38. b4 0-1

[Event "Det åpne NM 2011 Gruppe A"]
[Site "Quality Hotel & Resort Fagerne"]
[Date "2011.04.17"]
[Round "6"]
[White "Johansen, Stian"]
[Black "Hansen, Victor"]
[Result "0-1"]
[WhiteElo "1938"]
[BlackElo "2125"]
[PlyCount "74"]
[EventDate "2011.??.??"]

1. d4 d5 2. c4 c6 3. Nc3 Nf6 4. Nf3 dxc4 5. e3 e6 6. Bxc4 Bb4 7. O-O O-O 8. Qc2
Nbd7 9. Rd1 Qe7 10. e4 e5 11. d5 Nb6 12. Bb3 Bg4 13. Be3 Rac8 14. Bxb6 axb6 15.
a3 Bxf3 16. gxf3 Bc5 17. Kh1 Nh5 18. Rg1 Qh4 19. Raf1 Qh3 20. Qd1 Rcd8 21. Rg2
Rd6 22. Rfg1 Rh6 23. Qf1 Kh8 24. Ne2 Qxf3 25. Bd1 Qxe4 26. Nc3 Qh4 27. dxc6
bxc6 28. Ne2 e4 29. b4 Bd6 30. f4 Nxf4 31. Nxf4 Bxf4 32. Qe2 Rd8 33. Qb2 f6 34.
Bb3 e3 35. Rd1 Rxd1+ 36. Bxd1 Qe1+ 37. Rg1 Qf2 0-1

[Event "Det åpne NM 2011 Gruppe A"]
[Site "Quality Hotel & Resort Fagerne"]
[Date "2011.04.17"]
[Round "6"]
[White "Gvein, Kenneth"]
[Black "Ulvnes, Roar"]
[Result "1/2-1/2"]
[WhiteElo "2169"]
[BlackElo "2004"]
[PlyCount "132"]
[EventDate "2011.??.??"]

1. e4 c5 2. Nc3 Nc6 3. f4 g6 4. Nf3 Bg7 5. Bb5 Nd4 6. O-O Nxb5 7. Nxb5 d5 8. e5
a6 9. Nc3 Nh6 10. d4 c4 11. h3 e6 12. g4 b5 13. Ne2 Ng8 14. Ng3 Ne7 15. c3 Bd7
16. Qe2 Qb6 17. Bd2 a5 18. Rae1 b4 19. f5 gxf5 20. Bg5 Bf8 21. Nh5 O-O-O 22.
Bf6 Rg8 23. Ng5 fxg4 24. hxg4 Be8 25. Nxh7 Qa7 26. Nxf8 Rxf8 27. Qd2 Rg8 28. g5
Rd7 29. Bxe7 Rxe7 30. Nf6 Rh8 31. Kg2 Rb7 32. Rh1 bxc3 33. Qxc3 Rf8 34. Rc1 Qb6
35. b3 Bc6 36. Rhd1 Qb4 37. Kg3 Bb5 38. bxc4 Bxc4 39. Ne4 Qxc3+ 40. Rxc3 dxe4
41. Rxc4+ Kd7 42. Rf1 Kd8 43. Kf4 Rg8 44. Rc5 Rd7 45. Rxa5 Ke7 46. Ra4 e3 47.
Kxe3 Rxg5 48. Rb4 Rg3+ 49. Rf3 Rxf3+ 50. Kxf3 Ra7 51. a4 f6 52. exf6+ Kxf6 53.
Ke4 Ra5 54. Kd3 Ke7 55. Kc4 Ra7 56. Kc5 Kd7 57. Kb6 Ra8 58. Rc4 Kd6 59. a5 Rb8+
60. Ka7 Rb5 61. a6 Kd7 62. Ra4 Kc7 63. Ra2 Rb4 64. Rd2 Kd6 65. Rd1 Kd5 66. Rd2
Kd6 1/2-1/2

[Event "Det åpne NM 2011 Gruppe A"]
[Site "Quality Hotel & Resort Fagerne"]
[Date "2011.04.17"]
[Round "6"]
[White "Kasparova, Tatiana"]
[Black "Kjøita, Henning"]
[Result "1-0"]
[WhiteElo "2152"]
[BlackElo "1843"]
[PlyCount "89"]
[EventDate "2011.??.??"]

1. e4 c5 2. Nf3 d6 3. d4 cxd4 4. Nxd4 Nf6 5. f3 Nc6 6. c4 e6 7. Nc3 Be7 8. Be3
O-O 9. Be2 d5 10. cxd5 exd5 11. exd5 Nxd5 12. Nxc6 bxc6 13. Nxd5 cxd5 14. O-O
Bf6 15. Bd4 Rb8 16. Rf2 Be6 17. Bf1 a5 18. Rc1 Bxd4 19. Qxd4 Rb4 20. Qd2 Qb6
21. Bd3 g6 22. f4 Rd4 23. Qe3 Rb8 24. Re1 Bd7 25. Qf3 Qb4 26. Ref1 Rb6 27. f5
Rf6 28. Qe3 Rxd3 29. Qxd3 Bb5 30. Qxd5 Bxf1 31. Rxf1 Qb6+ 32. Kh1 Rxf5 33. Rxf5
gxf5 34. Qe5 f4 35. Qe2 Qg6 36. Qd1 Qe6 37. b3 a4 38. bxa4 Qxa2 39. h3 f3 40.
gxf3 Qe6 41. Qd8+ Kg7 42. Qd4+ Kf8 43. Qb4+ Ke8 44. Qe4 Kd8 45. Qxe6 1-0

[Event "Det åpne NM 2011 Gruppe A"]
[Site "Quality Hotel & Resort Fagerne"]
[Date "2011.04.17"]
[Round "6"]
[White "Tari, Aryan"]
[Black "Gholami, Armin"]
[Result "1-0"]
[WhiteElo "2155"]
[BlackElo "1797"]
[PlyCount "63"]
[EventDate "2011.??.??"]

1. e4 e6 2. d4 d5 3. Nc3 dxe4 4. Nxe4 Bd7 5. Nf3 Bc6 6. Bd3 Nd7 7. Qe2 Ngf6 8.
Bg5 Be7 9. O-O-O Nxe4 10. Bxe7 Qxe7 11. Bxe4 Bxe4 12. Qxe4 O-O-O 13. Rhe1 Nf6
14. Qe2 Kb8 15. c4 Qb4 16. Kb1 Nd7 17. a3 Qb3 18. Nd2 Qa4 19. Ka2 Qc2 20. Rc1
Qg6 21. f3 Nf6 22. Nb3 Rhe8 23. Rcd1 h5 24. Nc5 Nd7 25. Nd3 Qf6 26. d5 Qh4 27.
f4 Qxh2 28. Qf2 h4 29. Re3 Nf6 30. Rh3 Ng4 31. Qf3 exd5 32. Qxg4 1-0

[Event "Det åpne NM 2011 Gruppe A"]
[Site "Quality Hotel & Resort Fagerne"]
[Date "2011.04.17"]
[Round "6"]
[White "Bentsen, Håkon"]
[Black "Hauge, Lars Oskar"]
[Result "1-0"]
[WhiteElo "2149"]
[BlackElo "1990"]
[PlyCount "63"]
[EventDate "2011.??.??"]

1. e4 c5 2. Nf3 d6 3. d4 cxd4 4. Nxd4 Nf6 5. Nc3 a6 6. Be3 e5 7. Nb3 Be6 8. f3
h5 9. Qd2 Nbd7 10. O-O-O Qc7 11. Kb1 Rc8 12. Nd5 Bxd5 13. exd5 Nb6 14. Bxb6
Qxb6 15. Bd3 Nxd5 16. Bf5 Ne7 17. Bxc8 Nxc8 18. Rhe1 f6 19. Qd5 Kd7 20. Qc4 Ne7
21. Nc5+ Ke8 22. Na4 Qa5 23. Nc3 Nc6 24. Ne4 Kd7 25. Qf7+ Kc8 26. Qe8+ Kc7 27.
Nxd6 Nd4 28. Nf7 Bb4 29. Qxh8 Bxe1 30. Qd8+ Kc6 31. Qd6+ Kb5 32. Nxe5 1-0

[Event "Det åpne NM 2011 Gruppe A"]
[Site "Quality Hotel & Resort Fagerne"]
[Date "2011.04.17"]
[Round "6"]
[White "Arvola, Benjamin"]
[Black "Torgersen, Terje"]
[Result "0-1"]
[WhiteElo "2217"]
[BlackElo "2041"]
[PlyCount "124"]
[EventDate "2011.??.??"]

1. e4 c5 2. Nf3 d6 3. d4 cxd4 4. Nxd4 Nf6 5. Nc3 Nc6 6. Be2 e6 7. O-O Be7 8.
Be3 O-O 9. Kh1 a6 10. a4 Bd7 11. f4 Nxd4 12. Bxd4 Bc6 13. Bf3 Nd7 14. Qe1 e5
15. fxe5 dxe5 16. Bf2 Bb4 17. Qe2 Bxc3 18. bxc3 Qa5 19. Qe3 Bxa4 20. Rfd1 Qb5
21. Rd5 Qc6 22. Rad1 Qc7 23. Qd3 Nf6 24. Rd6 Ne8 25. Rb6 Bc6 26. Bc5 Nf6 27.
Bxf8 Qxb6 28. Be7 Be8 29. Bd6 Rd8 30. c4 Bc6 31. c5 Qb4 32. c3 Qa4 33. Re1 Ne8
34. c4 Qb4 35. Rb1 Qxc5 36. Bxc5 Rxd3 37. Bf2 Nd6 38. Bg3 f6 39. Bg4 Bxe4 40.
c5 Nf5 41. Bf2 g6 42. Bxf5 gxf5 43. Kg1 Rd2 44. Re1 Rb2 45. Rd1 Rb1 46. Rxb1
Bxb1 47. Be1 Kf7 48. Ba5 Ke6 49. Bd8 Kd5 50. Bxf6 Kxc5 51. Bxe5 Kc4 52. Kf2 b5
53. Ke2 a5 54. Kd2 Be4 55. g3 Kb3 56. Kc1 a4 57. Bd6 a3 58. h4 h5 59. Be5 Ka4
60. Kd2 b4 61. Bd6 b3 62. Kc3 b2 0-1

[Event "Det åpne NM 2011 Gruppe A"]
[Site "Quality Hotel & Resort Fagerne"]
[Date "2011.04.17"]
[Round "6"]
[White "Ofstad, Per"]
[Black "Mihajlov, Sebastian"]
[Result "1/2-1/2"]
[WhiteElo "2194"]
[BlackElo "1871"]
[PlyCount "117"]
[EventDate "2011.??.??"]

1. d4 d5 2. Nf3 Nf6 3. c4 c6 4. e3 Bf5 5. Nc3 e6 6. Qb3 Qc7 7. Bd2 Nbd7 8. Rc1
dxc4 9. Bxc4 Qb6 10. O-O Bd6 11. Rfe1 Qxb3 12. Bxb3 e5 13. h3 h6 14. dxe5 Nxe5
15. Nxe5 Bxe5 16. e4 Bg6 17. f3 O-O 18. Be3 Rfd8 19. Red1 a6 20. Bb6 Re8 21.
Rc2 Bf4 22. Kf2 Re7 23. Bd8 Rd7 24. Bxf6 Rxd1 25. Nxd1 gxf6 26. g3 Rd8 27. Nc3
Be5 28. g4 h5 29. Ke2 Bf4 30. Nd1 hxg4 31. hxg4 Kg7 32. Ne3 Rh8 33. Nf1 Re8 34.
Ne3 Rh8 35. Nf1 Re8 36. Kf2 Rd8 37. Rc4 Rd7 38. a4 Rd8 39. Bc2 Rd7 40. Ke2 Rd8
41. Bd3 Re8 42. Kd1 Rd8 43. Kc2 Rd7 44. Be2 Rd8 45. Rc3 Rd4 46. b3 Kh7 47. Rd3
Rb4 48. Rd7 a5 49. Bd3 Kg7 50. Be2 Kh7 51. Nd2 b5 52. axb5 cxb5 53. Rd5 a4 54.
Rxb5 axb3+ 55. Nxb3 Ra4 56. Ra5 Rb4 57. Kc3 Rb8 58. Bc4 Kg7 59. Ra7 1/2-1/2

[Event "Det åpne NM 2011 Gruppe A"]
[Site "Quality Hotel & Resort Fagerne"]
[Date "2011.04.17"]
[Round "6"]
[White "Haarr, Jon Kristian"]
[Black "Arndt, Uwe"]
[Result "1-0"]
[WhiteElo "2204"]
[BlackElo "2021"]
[PlyCount "97"]
[EventDate "2011.??.??"]

1. e4 c6 2. d4 d5 3. e5 c5 4. Nf3 Bg4 5. c4 cxd4 6. Qa4+ Qd7 7. Qxd7+ Nxd7 8.
Nxd4 Nxe5 9. cxd5 O-O-O 10. Nc3 e6 11. f4 Nd7 12. h3 Bc5 13. Nb3 Bf5 14. Nxc5
Nxc5 15. Be3 Ne4 16. Nxe4 Bxe4 17. dxe6 fxe6 18. Bxa7 Ne7 19. Rc1+ Nc6 20. Rh2
Rhe8 21. g4 g6 22. b4 Kd7 23. Rd2+ Bd5 24. Bc5 b6 25. Bxb6 Rb8 26. Bc5 Nxb4 27.
a4 Rec8 28. Bb5+ Nc6 29. Ba3 Rb6 30. Kf2 Ke8 31. Bc5 Rbb8 32. Bd6 Rb6 33. Rc5
Kd7 34. Be5 Rf8 35. Kg3 Ra8 36. a5 Rxb5 37. Rxb5 Nxa5 38. Rb8 Ra7 39. Rh8 Kc6
40. Rc2+ Nc4 41. Kh4 Kb5 42. Rb8+ Kc5 43. Rc8+ Kb4 44. Rc7 Ra6 45. Rxh7 Nxe5
46. fxe5 g5+ 47. Kxg5 Be4 48. Rhc7 Bxc2 49. Rxc2 1-0

[Event "Det åpne NM 2011 Gruppe A"]
[Site "Quality Hotel & Resort Fagerne"]
[Date "2011.04.17"]
[Round "6"]
[White "Taksrud, Vidar"]
[Black "Kyrkjebø, Erlend"]
[Result "1/2-1/2"]
[WhiteElo "2088"]
[BlackElo "1963"]
[PlyCount "101"]
[EventDate "2011.??.??"]

1. Nc3 c5 2. Nf3 g6 3. e4 d6 4. d4 cxd4 5. Nxd4 Nf6 6. Be3 Bg7 7. Bc4 O-O 8. f3
Nc6 9. Qd2 Bd7 10. Rd1 Rc8 11. Bb3 Na5 12. O-O Nc4 13. Bxc4 Rxc4 14. b3 Rc8 15.
a4 a6 16. Nd5 b5 17. a5 Nxd5 18. exd5 Rc7 19. c3 Qc8 20. Rc1 Qb7 21. Ne2 Re8
22. Bb6 Rcc8 23. c4 bxc4 24. bxc4 e6 25. Ng3 exd5 26. cxd5 Bb5 27. Rxc8 Rxc8
28. Ne4 Qd7 29. Rc1 Rxc1+ 30. Qxc1 Bd3 31. Qc6 Qe7 32. Qc8+ Bf8 33. Bd8 Qa7+
34. Bb6 Qe7 35. Qd8 Qxd8 36. Bxd8 Bxe4 37. fxe4 Bg7 38. g4 h6 39. h4 Bd4+ 40.
Kg2 Kg7 41. Be7 Be5 42. h5 g5 43. Kf3 f6 44. Ke3 Kf7 45. Bd8 Ke8 46. Bb6 Kd7
47. Kd3 Ke7 48. Be3 Kd7 49. Kc4 Kc7 50. Bd4 Kd7 51. Bb6 1/2-1/2

[Event "Det åpne NM 2011 Gruppe A"]
[Site "Quality Hotel & Resort Fagerne"]
[Date "2011.04.17"]
[Round "6"]
[White "Salomon, Johan"]
[Black "Pham, Toan Thanh"]
[Result "0-1"]
[WhiteElo "1889"]
[BlackElo "2086"]
[PlyCount "96"]
[EventDate "2011.??.??"]

1. e4 g6 2. d4 Bg7 3. Nf3 d6 4. Nc3 Nd7 5. Be2 a6 6. a4 b6 7. O-O c5 8. Be3
cxd4 9. Nxd4 Ngf6 10. f4 Bb7 11. Bf3 O-O 12. Qe1 e5 13. Nde2 exf4 14. Bxf4 Ne5
15. Rd1 Qc7 16. Qg3 Rad8 17. Nd4 Rfe8 18. Nf5 Nxf3+ 19. gxf3 Nh5 20. Qg4 Nxf4
21. Nxg7 Kxg7 22. Qxf4 Qc5+ 23. Kg2 d5 24. exd5 Bxd5 25. Rxd5 Rxd5 26. Nxd5
Re2+ 27. Kh1 Qxd5 28. Qc7 Qd2 29. Qc3+ Qxc3 30. bxc3 Rxc2 31. Rb1 Rxc3 32. Rxb6
Rxf3 33. Rxa6 Rf2 34. Ra8 Ra2 35. a5 h5 36. Ra6 h4 37. Kg1 Kh6 38. Rf6 Kg7 39.
Ra6 g5 40. Ra8 Kg6 41. a6 Kf5 42. Ra7 f6 43. Ra8 Kf4 44. a7 Kf3 45. h3 Kg3 46.
Kf1 Kxh3 47. Kg1 Kg3 48. Kf1 h3 0-1

[Event "Det åpne NM 2011 Gruppe A"]
[Site "Quality Hotel & Resort Fagerne"]
[Date "2011.04.17"]
[Round "6"]
[White "Sjøl, Henrik"]
[Black "Gyldenås, Ole Jørn"]
[Result "0-1"]
[WhiteElo "1848"]
[BlackElo "2053"]
[PlyCount "80"]
[EventDate "2011.??.??"]

1. d4 d5 2. Nf3 Nf6 3. e3 c6 4. c4 Bf5 5. Nc3 e6 6. cxd5 exd5 7. Bd3 Bg6 8. Ne5
Nbd7 9. Nxd7 Qxd7 10. Qc2 Bb4 11. Bd2 Qg4 12. O-O Bd6 13. f4 O-O 14. Rf3 Bxd3
15. Qxd3 Rfe8 16. Na4 Ne4 17. Rc1 Re6 18. h3 Qh4 19. Be1 Qd8 20. Nc5 Bxc5 21.
dxc5 Qe7 22. Qd4 Re8 23. f5 Re5 24. Bc3 f6 25. Re1 Ng5 26. Rf4 Rxe3 27. Rxe3
Qxe3+ 28. Qxe3 Rxe3 29. Ra4 a6 30. Rb4 Re7 31. Bd2 Ne4 32. Bf4 Nxc5 33. Bd6
Re1+ 34. Kh2 Ne4 35. Bf4 b5 36. Rd4 Rf1 37. Bc7 Rxf5 38. a4 Rf2 39. axb5 axb5
40. Rb4 Rc2 0-1

[Event "Det åpne NM 2011 Gruppe A"]
[Site "Quality Hotel & Resort Fagerne"]
[Date "2011.04.17"]
[Round "6"]
[White "Lindblom, Roar"]
[Black "Bjornes, Leif"]
[Result "1/2-1/2"]
[WhiteElo "1974"]
[BlackElo "1994"]
[PlyCount "48"]
[EventDate "2011.??.??"]

1. d4 d5 2. c4 c6 3. Nc3 Nf6 4. e3 a6 5. a4 Bf5 6. Nf3 Nbd7 7. cxd5 cxd5 8. Bd3
Bxd3 9. Qxd3 e6 10. O-O Bd6 11. b3 O-O 12. Ba3 Bxa3 13. Rxa3 Qa5 14. Raa1 Rfc8
15. Rfc1 Rc6 16. Nd2 Rac8 17. Ne2 e5 18. Rxc6 Rxc6 19. e4 exd4 20. exd5 Qxd5
21. Qxd4 Rc2 22. Qxd5 Nxd5 23. Rd1 Kf8 24. Kf1 N7f6 1/2-1/2

[Event "Det åpne NM 2011 Gruppe A"]
[Site "Quality Hotel & Resort Fagerne"]
[Date "2011.04.17"]
[Round "6"]
[White "Andersen, Per O"]
[Black "Svanholm, Børge W"]
[Result "1-0"]
[WhiteElo "2122"]
[BlackElo "1993"]
[PlyCount "102"]
[EventDate "2011.??.??"]

1. d4 Nf6 2. Bf4 d6 3. e3 g6 4. Nf3 Bg7 5. Be2 O-O 6. h3 b6 7. O-O Bb7 8. Nbd2
Nbd7 9. a4 c5 10. c3 a6 11. Bh2 Re8 12. Qc2 e5 13. dxe5 dxe5 14. Nc4 Ne4 15.
Rfd1 Qc7 16. Rxd7 Qxd7 17. Nxb6 Qe7 18. Nxa8 Rxa8 19. Rd1 Ng5 20. Nxg5 Qxg5 21.
e4 Rd8 22. Bg3 h5 23. h4 Qe7 24. f3 Bf6 25. Rxd8+ Qxd8 26. Qd1 Qb6 27. Bc4 Bc8
28. Qb3 Qa7 29. Bf2 Bg7 30. Bd5 Bf8 31. a5 Kg7 32. Qb6 Qe7 33. Qb8 Bd7 34. Qa7
Bc8 35. Qxe7 Bxe7 36. Kf1 Bd8 37. b4 cxb4 38. cxb4 f6 39. Ke2 Be7 40. Be1 g5
41. hxg5 fxg5 42. Bc4 g4 43. fxg4 hxg4 44. b5 axb5 45. Bxb5 Kf6 46. a6 Bc5 47.
Bf2 Bxf2 48. Kxf2 Ke7 49. Bc4 Kd6 50. a7 Bb7 51. Bd5 Kc7 1-0

[Event "Det åpne NM 2011 Gruppe A"]
[Site "Quality Hotel & Resort Fagerne"]
[Date "2011.04.17"]
[Round "6"]
[White "Christiansen, Johan-Sebastian"]
[Black "Grundekjøn, Christian"]
[Result "0-1"]
[WhiteElo "1924"]
[BlackElo "2018"]
[PlyCount "78"]
[EventDate "2011.??.??"]

1. c4 e5 2. Nc3 Nf6 3. g3 Bb4 4. Bg2 O-O 5. e3 Bxc3 6. bxc3 Re8 7. Ne2 c6 8.
O-O d6 9. Rb1 Qc7 10. f4 Bf5 11. d3 e4 12. Nd4 Bg4 13. Qc2 exd3 14. Qxd3 Na6
15. f5 Nc5 16. Qc2 Nce4 17. Rf4 d5 18. h3 Bd1 19. Qxd1 Nxc3 20. Qb3 Nxb1 21.
Qxb1 dxc4 22. Qc2 Nd5 23. Bxd5 cxd5 24. f6 g6 25. Qf2 Re4 26. Rxe4 dxe4 27. Ba3
c3 28. g4 h6 29. Qh4 Kh7 30. Nf5 gxf5 31. g5 Kg8 32. Kg2 Rd8 33. Qxh6 Rd2+ 34.
Kf1 Qc4+ 35. Kg1 Rd1+ 36. Kf2 Qf1+ 37. Kg3 f4+ 38. Kg4 Qf3+ 39. Kf5 Rd5# 0-1